[Event "Zadar op-B 25th"]
[Site "Zadar"]
[Date "2018.12.21"]
[Round "8"]
[White "Bozinovic, Bogdan"]
[Black "Pretterhofer, Kiaras"]
[Result "1-0"]
[WhiteElo "2237"]
[BlackElo "1994"]
[PlyCount "69"]
[EventDate "2018.12.15"]
[EventType "swiss"]
[EventRounds "9"]
[EventCountry "CRO"]
[SourceTitle "CBM 188 Extra"]
[Source "ChessBase"]
[SourceDate "2019.02.28"]
[SourceVersion "1"]
[SourceVersionDate "2019.02.28"]
[SourceQuality "1"]

1. d4 Nf6 2. c4 e6 3. Nc3 Bb4 4. f3 d5 5. a3 Bxc3+ 6. bxc3 0-0 7. cxd5 exd5 8. e3 b6 9. Ra2 Re8 10. Bd3 c5 11. Ne2 Ba6 12. 0-0 Bxd3 13. Qxd3 Nc6 14. Ng3 Qd7 15. Re2 Rad8 16. Bb2 c4 17. Qd1 Ne7 18. e4 dxe4 19. fxe4 Ng6 20. Qe1 Qb7 21. Bc1 Nd7 22. e5 Ndf8 23. Nf5 Qd5 24. Qg3 Ne6 25. Qg4 b5 26. h4 Kh8 27. h5 Ngf8 28. Ref2 Rd7 29. Nd6 Rxd6 30. exd6 Nd8 31. h6 g6 32. Bg5 Nfe6 33. Be7 a5 34. Rf5 gxf5 35. Bf6+ 1-0

[Event "Zadar op-B 25th"]
[Site "Zadar"]
[Date "2018.12.16"]
[Round "3"]
[White "Pretterhofer, Kiaras"]
[Black "Ljubicic, Mario"]
[Result "1/2-1/2"]
[WhiteElo "1994"]
[BlackElo "1806"]
[PlyCount "55"]
[EventDate "2018.12.15"]
[EventType "swiss"]
[EventRounds "9"]
[EventCountry "CRO"]
[SourceTitle "CBM 188 Extra"]
[Source "ChessBase"]
[SourceDate "2019.02.28"]
[SourceVersion "1"]
[SourceVersionDate "2019.02.28"]
[SourceQuality "1"]

1. e4 e5 2. Nf3 Nc6 3. Bb5 a6 4. Bxc6 dxc6 5. 0-0 Bd6 6. d3 Bg4 7. Be3 Ne7 8. Nbd2 0-0 9. h3 Bh5 10. g4 Bg6 11. Nh4 b5 12. a4 f6 13. Nxg6 Nxg6 14. Re1 Qe7 15. Nf1 c5 16. Ng3 Nh4 17. Nf5 Nxf5 18. gxf5 c6 19. Kh1 Qf7 20. Rg1 Kh8 21. Qg4 Be7 22. Rg2 Rg8 23. Rag1 bxa4 24. Qh4 Rab8 25. Rg4 Rgd8 26. Qg3 Rg8 27. Qh4 Rgd8 28. Qg3 1/2-1/2

[Event "Steyr Landesliga 1718"]
[Site "Austria"]
[Date "2018.03.10"]
[Round "9.4"]
[White "Pretterhofer, Kiaras"]
[Black "Rattinger, Friedrich"]
[Result "1/2-1/2"]
[WhiteElo "2017"]
[BlackElo "2096"]
[PlyCount "21"]
[EventDate "2017.09.30"]
[EventType "team-tourn"]
[EventRounds "11"]
[EventCountry "AUT"]
[SourceTitle "EXT 2019"]
[Source "ChessBase"]
[SourceDate "2018.10.10"]
[SourceVersion "1"]
[SourceVersionDate "2018.10.10"]
[SourceQuality "1"]
[WhiteTeam "Graz Schachfreunde II"]
[BlackTeam "Ratten Krieglach"]
[WhiteTeamCountry "AUT"]
[BlackTeamCountry "AUT"]

1. Nf3 c5 2. c4 Nc6 3. Nc3 g6 4. g3 e5 5. d3 Bg7 6. Bg2 Nge7 7. 0-0 0-0 8. e4 d6 9. a3 a5 10. Bd2 Nd4 11. Nxd4 1/2-1/2

[Event "Steyr Landesliga 1617"]
[Site "Austria"]
[Date "2017.03.18"]
[Round "8.7"]
[White "Steiner, Peter"]
[Black "Pretterhofer, Kiaras"]
[Result "1/2-1/2"]
[WhiteElo "1941"]
[BlackElo "2006"]
[PlyCount "45"]
[EventDate "2016.10.01"]
[EventType "team-tourn"]
[EventRounds "11"]
[EventCountry "AUT"]
[SourceTitle "EXT 2018"]
[Source "ChessBase"]
[SourceDate "2017.10.13"]
[SourceVersion "1"]
[SourceVersionDate "2017.10.13"]
[SourceQuality "1"]
[WhiteTeam "Pinggau Friedberg"]
[BlackTeam "Schachfreunde"]
[WhiteTeamCountry "AUT"]
[BlackTeamCountry "AUT"]

1. e4 e5 2. Nf3 Nc6 3. Bb5 a6 4. Bxc6 dxc6 5. 0-0 f6 6. d4 Bg4 7. dxe5 Qxd1 8. Rxd1 fxe5 9. Rd3 Bd6 10. h3 Bxf3 11. Rxf3 Nf6 12. Nc3 0-0 13. Bg5 Nh5 14. Rxf8+ Rxf8 15. Be3 Nf4 16. Kf1 Rf6 17. Ne2 Ne6 18. Rd1 Bc5 19. Bxc5 Nxc5 20. Ng3 Rd6 21. Ke2 g6 22. f3 Ne6 23. Rxd6 1/2-1/2

[Event "Steyr Landesliga 1415"]
[Site "Austria"]
[Date "2015.04.25"]
[Round "11.3"]
[White "Pretterhofer, Kiaras"]
[Black "Nuster, Erwin"]
[Result "1-0"]
[WhiteElo "1960"]
[BlackElo "2163"]
[PlyCount "70"]
[EventDate "2014.09.27"]
[EventType "team-tourn"]
[EventRounds "11"]
[EventCountry "AUT"]
[SourceTitle "EXT 2016"]
[Source "ChessBase"]
[SourceDate "2015.10.08"]
[SourceVersion "1"]
[SourceVersionDate "2015.10.08"]
[SourceQuality "1"]
[WhiteTeam "Graz Schachfreunde"]
[BlackTeam "Feldbach Kirchberg"]
[WhiteTeamCountry "AUT"]
[BlackTeamCountry "AUT"]

1. Nf3 g6 2. e4 Bg7 3. d4 c5 4. c4 cxd4 5. Nxd4 Nc6 6. Be3 Nf6 7. Nc3 Ng4 8. Qxg4 Nxd4 9. Qd1 Ne6 10. Rc1 Qa5 11. Be2 d6 12. 0-0 Bd7 13. Qd2 Bc6 14. f3 h5 15. Rfd1 h4 16. Nd5 Qxa2 17. b4 Qxd2 18. Rxd2 b6 19. f4 Bh6 20. Rf1 f5 21. Bd3 Bxd5 22. cxd5 Ng7 23. Bd4 fxe4 24. Bxe4 0-0 25. Bxg6 Rxf4 26. Rxf4 Bxf4 27. Ra2 e6 28. Bxb6 Rb8 29. Bxa7 Ra8 30. Rf2 e5 31. g3 hxg3 32. hxg3 Bxg3 33. Rf7 Nf5 34. Rb7 Nh4 35. Be4 Be1 1-0

[Event "Steyr Landesliga 1415"]
[Site "Austria"]
[Date "2015.02.07"]
[Round "7.5"]
[White "Pretterhofer, Kiaras"]
[Black "Kormann, Werner"]
[Result "0-1"]
[WhiteElo "1960"]
[BlackElo "2171"]
[PlyCount "68"]
[EventDate "2014.09.27"]
[EventType "team-tourn"]
[EventRounds "11"]
[EventCountry "AUT"]
[SourceTitle "EXT 2016"]
[Source "ChessBase"]
[SourceDate "2015.10.08"]
[SourceVersion "1"]
[SourceVersionDate "2015.10.08"]
[SourceQuality "1"]
[WhiteTeam "Graz Schachfreunde"]
[BlackTeam "Trofaiach Niklasdorf"]
[WhiteTeamCountry "AUT"]
[BlackTeamCountry "AUT"]

1. d4 Nf6 2. c4 e6 3. Nf3 Bb4+ 4. Bd2 c5 5. Bxb4 cxb4 6. Nbd2 0-0 7. e4 d6 8. Bd3 Re8 9. 0-0 e5 10. d5 a5 11. a3 bxa3 12. Rxa3 Na6 13. Bc2 Bg4 14. h3 Bh5 15. Qe2 Nc5 16. Nb3 b6 17. Nxc5 bxc5 18. Ba4 Re7 19. Rfa1 Rea7 20. Qe1 h6 21. Nd2 Bg6 22. Bb5 Nh5 23. g3 Qc8 24. Kh2 f5 25. exf5 Qxf5 26. Rf3 Qg5 27. Ne4 Qe7 28. g4 Nf4 29. Nxc5 dxc5 30. Bc6 Rf8 31. Rxa5 Rxa5 32. Qxa5 e4 33. Rb3 Qh4 34. Qxc5 Nd3 0-1

[Event "Graz Land-ch"]
[Site "Graz"]
[Date "2014.09.09"]
[Round "2"]
[White "Pretterhofer, Kiaras"]
[Black "Frosch, Ronald"]
[Result "1/2-1/2"]
[WhiteElo "1960"]
[BlackElo "2218"]
[PlyCount "74"]
[EventDate "2014.09.08"]
[EventType "swiss"]
[EventRounds "7"]
[EventCountry "AUT"]
[SourceTitle "CBM 162 Extra"]
[Source "ChessBase"]
[SourceDate "2014.10.17"]
[SourceVersion "1"]
[SourceVersionDate "2014.10.17"]
[SourceQuality "1"]

1. Nf3 Nf6 2. c4 e6 3. d4 d5 4. g3 Be7 5. Bg2 0-0 6. Nbd2 Nbd7 7. Qc2 c6 8. 0-0 b6 9. b3 Bb7 10. Bb2 Rc8 11. e4 dxe4 12. Nxe4 Qc7 13. Nfd2 Rfd8 14. Rad1 h6 15. Rfe1 b5 16. Nxf6+ Nxf6 17. Ne4 Nxe4 18. Qxe4 bxc4 19. bxc4 Bf6 20. Ba1 Ba6 21. Qc2 c5 22. d5 Bxa1 23. Rxa1 e5 24. Rab1 Rf8 25. Be4 Qd6 26. Bd3 g6 27. Qd2 Kg7 28. Qc3 Rce8 29. f4 f6 30. fxe5 Rxe5 31. Rxe5 Qxe5 32. Qxe5 fxe5 33. Re1 Rf3 34. Rd1 Rf6 35. Re1 Rf3 36. Rd1 Rf6 37. Re1 Rf3 1/2-1/2

[Event "Steyr Landesliga 1314"]
[Site "Austria"]
[Date "2014.04.12"]
[Round "11.7"]
[White "Horvath, Reka"]
[Black "Pretterhofer, Kiaras"]
[Result "1/2-1/2"]
[WhiteElo "2062"]
[BlackElo "2009"]
[PlyCount "124"]
[EventDate "2013.09.28"]
[EventType "team-tourn"]
[EventRounds "11"]
[EventCountry "AUT"]
[SourceTitle "EXT 2015"]
[Source "ChessBase"]
[SourceDate "2014.11.20"]
[SourceVersion "1"]
[SourceVersionDate "2014.11.20"]
[SourceQuality "1"]
[WhiteTeam "Feldbach Kirchberg"]
[BlackTeam "Graz Schachfreunde"]
[WhiteTeamCountry "AUT"]
[BlackTeamCountry "AUT"]

1. e4 e5 2. Nf3 Nc6 3. Bb5 a6 4. Ba4 Nf6 5. 0-0 Be7 6. Re1 b5 7. Bb3 0-0 8. d4 d6 9. c3 Bg4 10. Be3 Re8 11. Nbd2 Bf8 12. a4 b4 13. Qe2 d5 14. exd5 exd4 15. dxc6 dxe3 16. fxe3 Nd5 17. Qc4 Be6 18. Nd4 Nxe3 19. Nxe6 Qxd2 20. Qe2 Qxe2 21. Rxe2 fxe6 22. Rxe3 Bc5 23. Kf2 Rad8 24. Ke2 Bxe3 25. Kxe3 bxc3 26. bxc3 a5 27. Rb1 Kf7 28. Bc2 Rb8 29. Rb7 Rxb7 30. cxb7 Ke7 31. Kd4 Kd6 32. Bd3 Rb8 33. Ba6 Kc6 34. Ke5 Kb6 35. Bd3 g6 36. Be4 c6 37. Kd6 Rxb7 38. c4 Rc7 39. c5+ Kb7 40. Bf3 Rc8 41. Kd7 e5 42. Be4 Rc7+ 43. Kd6 Kc8 44. Bf3 g5 45. Kxe5 Kd7 46. Bg4+ Ke7 47. Bf3 Rc8 48. Be4 h6 49. Bf3 Rc7 50. Be4 Rc8 51. Bf3 Rc7 52. Be4 Rc8 53. g3 Rc7 54. Bf3 Rc8 55. Bg2 Rc7 56. Be4 Rc8 57. g4 Rc7 58. Bf3 Rc8 59. Kf5 Rf8+ 60. Ke4 Rf4+ 61. Ke3 Rxa4 62. Bxc6 Rc4 1/2-1/2

[Event "Graz Casino op-A"]
[Site "Graz"]
[Date "2014.02.18"]
[Round "6"]
[White "Wegerer, Fred"]
[Black "Pretterhofer, Kiaras"]
[Result "1/2-1/2"]
[WhiteElo "2140"]
[BlackElo "2005"]
[PlyCount "96"]
[EventDate "2014.02.14"]
[EventType "swiss"]
[EventRounds "9"]
[EventCountry "AUT"]
[SourceTitle "CBM 158 Extra"]
[Source "ChessBase"]
[SourceDate "2014.02.28"]
[SourceVersion "1"]
[SourceVersionDate "2014.02.28"]
[SourceQuality "1"]

1. g3 Nf6 2. Bg2 d5 3. Nf3 c6 4. b3 Bf5 5. Ba3 Nbd7 6. 0-0 e6 7. Bxf8 Nxf8 8. d3 h6 9. c4 N8d7 10. cxd5 exd5 11. Nbd2 0-0 12. b4 Re8 13. Nb3 Qe7 14. Nfd4 Bg4 15. Qd2 Qe5 16. f3 Bh5 17. Rac1 Rac8 18. Bh3 Rcd8 19. Rf2 Bg6 20. Kg2 a6 21. a3 Nf8 22. f4 Qe3 23. Qxe3 Rxe3 24. Nc5 Re7 25. Kf3 Rde8 26. Re1 Bh5+ 27. Kg2 Ng4 28. Bxg4 Bxg4 29. f5 g6 30. e4 dxe4 31. dxe4 Bxf5 32. Nxf5 gxf5 33. Rxf5 b6 34. Nxa6 Ra7 35. b5 cxb5 36. Nb4 Rxa3 37. Rxb5 Re6 38. Nd5 Nd7 39. Nf4 Re5 40. Rd5 Ra2+ 41. Kh3 Rxd5 42. exd5 Rd2 43. Re8+ Kg7 44. g4 Nf6 45. Rb8 h5 46. g5 Nxd5 47. Nxd5 Rxd5 48. Kh4 f6 1/2-1/2

[Event "Graz Casino op-A"]
[Site "Graz"]
[Date "2014.02.16"]
[Round "3"]
[White "Pretterhofer, Kiaras"]
[Black "Stagl, Marco"]
[Result "0-1"]
[WhiteElo "2005"]
[BlackElo "2155"]
[PlyCount "60"]
[EventDate "2014.02.14"]
[EventType "swiss"]
[EventRounds "9"]
[EventCountry "AUT"]
[SourceTitle "CBM 158 Extra"]
[Source "ChessBase"]
[SourceDate "2014.02.28"]
[SourceVersion "1"]
[SourceVersionDate "2014.02.28"]
[SourceQuality "1"]

1. Nf3 d5 2. g3 Nf6 3. Bg2 e6 4. c4 Be7 5. d4 0-0 6. Qc2 c6 7. Nbd2 b5 8. b3 Na6 9. a3 Bb7 10. Bb2 bxc4 11. bxc4 c5 12. 0-0 dxc4 13. dxc5 Nxc5 14. Ng5 Bxg2 15. Bxf6 g6 16. Nxf7 Rxf7 17. Bxe7 Qd5 18. Rfd1 Rxe7 19. Nf3 Bxf3 20. Rxd5 Bxd5 21. f3 Nb3 22. Rb1 e5 23. Kf2 e4 24. f4 e3+ 25. Ke1 Nd2 26. Rb5 Rd8 27. Qc3 Bc6 28. Re5 Rb7 29. Rxe3 Rb1+ 30. Kf2 Rf1# 0-1

[Event "Steyr Landesliga 1314"]
[Site "Austria"]
[Date "2014.01.25"]
[Round "6.7"]
[White "Landl, Margot"]
[Black "Pretterhofer, Kiaras"]
[Result "1/2-1/2"]
[WhiteElo "1768"]
[BlackElo "2009"]
[PlyCount "32"]
[EventDate "2013.09.28"]
[EventType "team-tourn"]
[EventRounds "11"]
[EventCountry "AUT"]
[SourceTitle "EXT 2015"]
[Source "ChessBase"]
[SourceDate "2014.11.20"]
[SourceVersion "1"]
[SourceVersionDate "2014.11.20"]
[SourceQuality "1"]
[WhiteTeam "Graz Schachamazonen"]
[BlackTeam "Graz Schachfreunde"]
[WhiteTeamCountry "AUT"]
[BlackTeamCountry "AUT"]

1. e4 e5 2. Nf3 Nc6 3. Bb5 a6 4. Ba4 Nf6 5. 0-0 Be7 6. Re1 b5 7. Bb3 0-0 8. h3 d6 9. c3 Na5 10. Bc2 c5 11. d4 Qc7 12. Nbd2 exd4 13. cxd4 Rd8 14. b3 Nc6 15. d5 Nb4 16. Bb1 a5 1/2-1/2

[Event "Styrian op-A"]
[Site "Bad Gleichenberg"]
[Date "2013.07.07"]
[Round "2"]
[White "Weiss, Leo"]
[Black "Pretterhofer, Kiaras"]
[Result "1/2-1/2"]
[WhiteElo "2170"]
[BlackElo "2017"]
[PlyCount "53"]
[EventDate "2013.07.06"]
[EventType "swiss"]
[EventRounds "9"]
[EventCountry "AUT"]
[SourceTitle "CBM 155 Extra"]
[Source "ChessBase"]
[SourceDate "2013.08.26"]
[SourceVersion "1"]
[SourceVersionDate "2013.08.26"]
[SourceQuality "1"]

1. e4 e5 2. Nf3 Nc6 3. Bb5 a6 4. Ba4 Nf6 5. 0-0 Be7 6. Bxc6 dxc6 7. Re1 Bg4 8. h3 Bh5 9. d3 Nd7 10. Nbd2 0-0 11. g4 Bg6 12. Nc4 f6 13. Ne3 Nc5 14. Nf5 Ne6 15. Kg2 c5 16. b3 b5 17. a4 Re8 18. Be3 Nd4 19. N3h4 Bf7 20. Qd2 Bf8 21. Rg1 c4 22. axb5 cxb3 23. Bxd4 exd4 24. cxb3 axb5 25. Rxa8 Qxa8 26. Nxd4 Rd8 27. Nhf3 1/2-1/2

[Event "Reykjavik op"]
[Site "Reykjavik"]
[Date "2013.02.21"]
[Round "4"]
[White "Pretterhofer, Kiaras"]
[Black "Holm, Fridgeir K"]
[Result "1-0"]
[WhiteElo "1997"]
[BlackElo "1733"]
[PlyCount "53"]
[EventDate "2013.02.19"]
[EventType "swiss"]
[EventRounds "10"]
[EventCountry "ISL"]
[SourceTitle "CBM 153 Extra"]
[Source "ChessBase"]
[SourceDate "2013.04.22"]
[SourceVersion "1"]
[SourceVersionDate "2013.04.22"]
[SourceQuality "1"]

1. e4 e5 2. Nf3 Nc6 3. d4 exd4 4. Nxd4 Bc5 5. Be3 Qf6 6. c3 a6 7. Bc4 Qg6 8. 0-0 Ne5 9. Be2 h5 10. Nd2 d6 11. Kh1 Nf6 12. f4 Neg4 13. f5 Qh7 14. Bf4 Bd7 15. b4 Ba7 16. a4 Rd8 17. b5 a5 18. Qc2 Bc8 19. N2f3 Nd7 20. Ng5 Qg8 21. Bc4 Nde5 22. Bd5 Qf8 23. Bxe5 dxe5 24. Bxf7+ Kd7 25. Ndf3 Nf6 26. Qb3 Qc5 27. h4 1-0

[Event "Reykjavik op"]
[Site "Reykjavik"]
[Date "2013.02.20"]
[Round "3"]
[White "Gislason, Gudmundur"]
[Black "Pretterhofer, Kiaras"]
[Result "1-0"]
[WhiteElo "2329"]
[BlackElo "1997"]
[PlyCount "71"]
[EventDate "2013.02.19"]
[EventType "swiss"]
[EventRounds "10"]
[EventCountry "ISL"]
[SourceTitle "CBM 153 Extra"]
[Source "ChessBase"]
[SourceDate "2013.04.22"]
[SourceVersion "1"]
[SourceVersionDate "2013.04.22"]
[SourceQuality "1"]

1. Nf3 Nf6 2. g3 d5 3. Bg2 Nbd7 4. d4 e6 5. 0-0 Be7 6. c4 c6 7. Nbd2 0-0 8. Qc2 b6 9. Rd1 Bb7 10. e4 dxe4 11. Nxe4 c5 12. Nxf6+ Bxf6 13. dxc5 Qc7 14. cxb6 axb6 15. Bf4 e5 16. Be3 Rac8 17. Qf5 Rfd8 18. Rac1 g6 19. Qh3 Nf8 20. Nd2 Rd3 21. c5 bxc5 22. Rxc5 Bxg2 23. Qxc8 Qxc8 24. Rxc8 Bf3 25. Rdc1 Bg4 26. Rb8 Kg7 27. Ne4 Be7 28. a4 Nd7 29. Re8 Bb4 30. Kg2 f5 31. h3 Bh5 32. Ng5 h6 33. Nf3 g5 34. Nxe5 Rxe3 35. fxe3 Bxe8 36. Nxd7 1-0

[Event "Reykjavik op"]
[Site "Reykjavik"]
[Date "2013.02.19"]
[Round "1"]
[White "Baklan, Vladimir"]
[Black "Pretterhofer, Kiaras"]
[Result "1-0"]
[WhiteElo "2609"]
[BlackElo "1997"]
[PlyCount "49"]
[EventDate "2013.02.19"]
[EventType "swiss"]
[EventRounds "10"]
[EventCountry "ISL"]
[SourceTitle "CBM 153 Extra"]
[Source "ChessBase"]
[SourceDate "2013.04.22"]
[SourceVersion "1"]
[SourceVersionDate "2013.04.22"]
[SourceQuality "1"]

1. e4 e5 2. Nf3 Nc6 3. Bb5 a6 4. Ba4 Nf6 5. Qe2 b5 6. Bb3 Be7 7. c3 d6 8. a4 Na5 9. Bc2 c6 10. axb5 cxb5 11. d4 Nc6 12. d5 Na5 13. Na3 Bd7 14. b4 Nc4 15. Nxc4 bxc4 16. Qxc4 Bb5 17. Ba4 0-0 18. Bxb5 axb5 19. Rxa8 Qxa8 20. Qd3 Rc8 21. 0-0 Qa1 22. Bd2 Qa3 23. Qxb5 Nxe4 24. Qd7 Ra8 25. Qxe7 1-0

[Event "Oberwart op-A 34th"]
[Site "Oberwart"]
[Date "2012.07.13"]
[Round "7"]
[White "Pretterhofer, Kiaras"]
[Black "Rieger, Robert"]
[Result "1/2-1/2"]
[WhiteElo "1958"]
[BlackElo "2153"]
[PlyCount "28"]
[EventDate "2012.07.07"]
[EventType "swiss"]
[EventRounds "9"]
[EventCountry "AUT"]
[SourceTitle "CBM 149 Extra"]
[Source "ChessBase"]
[SourceDate "2012.08.24"]
[SourceVersion "1"]
[SourceVersionDate "2012.08.24"]
[SourceQuality "1"]

1. c4 e6 2. Nc3 d5 3. d4 Nf6 4. Nf3 Be7 5. e3 0-0 6. Bd3 b6 7. 0-0 dxc4 8. Bxc4 Bb7 9. b3 c5 10. dxc5 Bxc5 11. Bb2 Qe7 12. Qe2 Nc6 13. Rfd1 Rac8 14. e4 Rfd8 1/2-1/2